| 000 | 00555nam a2200181 i 4500 | ||
|---|---|---|---|
| 001 | 95177 | ||
| 003 | ES-MaACL | ||
| 005 | 20230906181641.0 | ||
| 007 | t| | ||
| 008 | 050524s1954 sp ||||1| spa d | ||
| 100 | 1 |
_aLutz, E. H. G. _974884 |
|
| 245 | 1 | 0 |
_aManos de oro _b: cirujanos célebres vencen a la muerte / _cE. H. G. Lutz; [traducción directa por Victor Scholz]. |
| 250 | _a1ª ed. | ||
| 260 |
_aBarcelona : _bLuis Miracle, _c1954. |
||
| 300 |
_a296 p. ; _c19 cm. |
||
| 700 | 1 |
_aScholz, Víctor. _9104643 |
|
| 852 |
_aES-MaACL _jC-8961 _bR.36831 |
||
| 999 |
_c95177 _d95177 |
||